Ejercicios de dibujo técnico, sistemas de representación /

Wedi'i Gadw mewn:
Manylion Llyfryddiaeth
Prif Awdur: Mira Llosá, José Ramón (autor)
Awduron Eraill: Gomis Martí, José María (autor) (autor)
Fformat: Llyfr
Iaith:Sbaeneg
Cyhoeddwyd: Valencia, España : Universidad Politécnica de Valencia, 1993, c1993
Pynciau:
Tagiau: Ychwanegu Tag
Dim Tagiau, Byddwch y cyntaf i dagio'r cofnod hwn!

MARC

LEADER 00000nam^a2200000^a^4500
001 000052554
005 20250521000000.0
009 20260310090402.032
020 |a 84-7721-204-X 
037 |a Acervo ITESO - Biblioteca 
041 |a ESP 
082 |a 604. 245  |b MIR 
100 |a Mira Llosá, José Ramón  |e (autor) 
245 1 0 |a Ejercicios de dibujo técnico, sistemas de representación /  |c J.R. Mira Llosá, José María Gomis Martí. 
264 4 |a Valencia, España :  |b Universidad Politécnica de Valencia,  |c 1993, c1993 
300 |a 262 p. 
336 |a texto  |b txt  |2 rdacontenido 
337 |a sin mediación  |b n  |2 rdamedio 
338 |a volumen  |b nc  |2 rdasoporte 
649 |a XX 
650 |a Dibujo Técnico 
650 |a Geometría Proyectiva 
650 |a Matemáticas 
700 |a Gomis Martí, José María  |e (autor) 
910 |a Fondo General 
920 |a Impresos - Libros 
930 |a Colección General 
905 |a 101 
901 |a 0500010250  |b IT1  |c ACC  |u 20250521 
901 |a 0500022741  |b IT1  |c ACC  |u 20250521 
902 |a https://opac.biblio.iteso.mx/vufind/Record/000052554